Principles and techniques of electromagnetic compatibility / (Record no. 1607)

000 -LEADER
fixed length control field 00760nam a2200229 a 4500
001 - CONTROL NUMBER
control field 1607
003 - CONTROL NUMBER IDENTIFIER
control field BD-DhUET
008 - FIXED-LENGTH DATA ELEMENTS--GENERAL INFORMATION
fixed length control field 070220s2007 flua b 001 0 eng
020 ## - INTERNATIONAL STANDARD BOOK NUMBER
International Standard Book Number 0849370353
040 ## - CATALOGING SOURCE
Original cataloging agency DLC
Transcribing agency DLC
Modifying agency BD-DhUET
082 00 - DEWEY DECIMAL CLASSIFICATION NUMBER
Classification number 623.8224
Item number CHR/2007
100 1# - MAIN ENTRY--PERSONAL NAME
Personal name Christopoulos, Christos.
245 10 - TITLE STATEMENT
Title Principles and techniques of electromagnetic compatibility /
Statement of responsibility, etc. by Christos Christopoulos.
250 ## - EDITION STATEMENT
Edition statement 2nd ed.
260 ## - PUBLICATION, DISTRIBUTION, ETC. (IMPRINT)
Place of publication, distribution, etc. Boca Raton :
Name of publisher, distributor, etc. CRC Press,
Date of publication, distribution, etc. 2007.
300 ## - PHYSICAL DESCRIPTION
Extent xvii, 513 p. :
Other physical details ill. ;
Dimensions 25 cm.
504 ## - BIBLIOGRAPHY, ETC. NOTE
Bibliography, etc Includes bibliographies.
650 #0 - SUBJECT ADDED ENTRY--TOPICAL TERM
Topical term or geographic name as entry element Electronic circuits-Noise
942 ## - ADDED ENTRY ELEMENTS (KOHA)
Koha item type General Book
856 41 - ELECTRONIC LOCATION AND ACCESS
Uniform Resource Identifier http://www.loc.gov/catdir/toc/ecip0711/2007007235.html
856 42 - ELECTRONIC LOCATION AND ACCESS
Uniform Resource Identifier http://www.loc.gov/catdir/enhancements/fy0710/2007007235-d.html
Holdings
Withdrawn status Date acquired Koha date last borrowed Location (home branch) Sublocation or collection (holding branch) Damaged status Source of classification or shelving scheme Not for loan Koha item type Koha normalized classification for sorting Lost status Koha date last seen Price effective from Koha issues (times borrowed) Piece designation (barcode) Shelving location Copy number Koha full call number
 2014-09-092015-02-01Central Library, BUETCentral Library, BUET   General Book623_000000000000000_8224CHR200 2016-03-202014-09-091104804Circulation section1623.8224/CHR/2007